AP Poll CFB Week 4 Rankings 2025-2026 - Statistics

General Stats
  • This quiz has been taken 44 times
  • The average score is 18 of 25
Answer Stats
Ranking Team Votes % Correct
5. Georgia 1420
100%
10. Texas 1057
97%
1. Ohio State 1629
94%
8. Florida 1183
91%
3. Penn State 1460
91%
17. Alabama 595
89%
2. Miami 1479
89%
9. Texas A&M 1072
86%
6. Oregon 1404
83%
19. Michigan 458
80%
22. Notre Dame 219
80%
4. LSU 1433
77%
11. Indiana 990
74%
12. Texas Tech 890
74%
21. USC 264
74%
15. Tennessee 635
71%
16. Georgia Tech 598
69%
13. Ole Miss 843
69%
7. Oklahoma 1194
66%
23. Illinois 145
60%
14. Iowa State 779
54%
18. Vanderbilt 546
51%
20. Missouri 452
46%
25. BYU 131
43%
24. TCU 138
29%
No matching quizzes found
Score Distribution
Percent of People with Each Score
Percentile by Number Answered
Your Score History
You have not taken this quiz